00670nam a2200157Ia 4500008004100000040001800041041000800059245019000067260007200257300000900329651002900338651002900367740005300396740004100449740002200490130821s1905 sp gr spa  aCo-BoUCMbspa00aspa00aMemoria del Perú en el arbitraje sobre sus límites con el Ecuadorcpresentada á S. M. el real árbitro por d. Mariano H. Corneja y d. Felipe de Osma, plenipotenciarios del Perú aMadrid (España)bImprenta de los Hijos de M. G. Hernándezc1905 av. 1 7aEcuadorxLimiteszPerú 7aPerúxLimiteszEcuador0 aArbitraje de limites entre el Peru y el Ecuador.0 aDictámentos juridicos presentados.0 aMemoria del Peru.